Περιφερειακή οικονομική ανάλυση και πολιτική
Αποθηκεύτηκε σε:
| Κύριος συγγραφέας: | |
|---|---|
| Μορφή: | Βιβλίο |
| Γλώσσα: | Greek |
| Δημοσίευση: |
Αθήνα :
Α. Σταμούλης,
2004-2005
|
| Θέματα: | |
| Ετικέτες: |
Προσθήκη ετικέτας
Δεν υπάρχουν, Καταχωρήστε ετικέτα πρώτοι!
|
MARC
| LEADER | 00000cam a2200000 i 4500 | ||
|---|---|---|---|
| 001 | 1/8479 | ||
| 008 | 100616m20042005 gre d | ||
| 020 | |a 960-351-558-2 (set) | ||
| 020 | |a 960-351-559-0 (τ.1) | ||
| 020 | |a 960-351-567-1 (τ.2) | ||
| 035 | |l 10108267 | ||
| 040 | |a GR-MY-UA |b gre |e aacr | ||
| 041 | 0 | |a gre | |
| 082 | 0 | |a 338.9 |2 (22) | |
| 100 | 1 | |a Σκούντζος, Θεόδωρος Α. | |
| 245 | 1 | 0 | |a Περιφερειακή οικονομική ανάλυση και πολιτική / |c Θεόδωρος Α. Σκούντζος |
| 260 | |a Αθήνα : |b Α. Σταμούλης, |c 2004-2005 | ||
| 300 | |a 2 τ.; |b πίν.; |c 24 εκ. | ||
| 500 | |a Ο τ.1 είναι η 4η έκδ. και ο τ.2 είναι η 2η έκδ. | ||
| 504 | |a Βιβλιογραφία τ.Α : σ. [235]-237, βιβλιογραφία τ.Β : σ. 227-228 | ||
| 505 | 0 | |a Τ.1. Θεωρία και μέτρα πολιτικής -- τ.2. Τεχνικές αναλύσεως | |
| 650 | 0 | 0 | |a Regional planning. |
| 650 | 0 | 0 | |a Rural development. |
| 852 | |a INST |b LESVOS |e 20100616 |h 338.9 ΣΚΟ |p 005100047828 |q 005100047828 |t BK |y 0 |z τ.1 | ||
| 852 | |a INST |b LESVOS |e 20100616 |h 338.9 ΣΚΟ |p 005100047829 |q 005100047829 |t BK |y 0 |z τ.1 | ||
| 852 | |a INST |b LESVOS |e 20100616 |h 338.9 ΣΚΟ |p 005100047830 |q 005100047830 |t BK |y 0 |z τ.1 | ||
| 852 | |a INST |b LESVOS |e 20100616 |h 338.9 ΣΚΟ |p 005100047831 |q 005100047831 |t BK |y 0 |z τ.2 | ||
| 852 | |a INST |b LESVOS |e 20100616 |h 338.9 ΣΚΟ |p 005100047832 |q 005100047832 |t BK |y 0 |z τ.2 | ||
| 852 | |a INST |b LESVOS |e 20100616 |h 338.9 ΣΚΟ |p 005100047833 |q 005100047833 |t BK |y 0 |z τ.2 | ||
| 852 | |a INST |b LESVOS |e 20110117 |h 338.9 ΣΚΟ |p 005100049448 |q 005100049448 |t BK |y 0 |z τ.2 | ||
| 852 | |a INST |b LESVOS |e 20110117 |h 338.9 ΣΚΟ |p 005100049449 |q 005100049449 |t BK |y 0 |z τ.1 | ||
| 852 | |a INST |b LESVOS |e 20110708 |h 338.9 ΣΚΟ |p 005100050172 |q 005100050172 |t BK |y 0 |z τ.2 | ||
| 852 | |a INST |b LESVOS |e 20110708 |h 338.9 ΣΚΟ |p 005100050173 |q 005100050173 |t BK |y 0 |z τ.2 | ||
| 852 | |a INST |b LESVOS |e 20110708 |h 338.9 ΣΚΟ |p 005100050174 |q 005100050174 |t BK |y 0 |z τ.1 | ||
| 852 | |a INST |b LESVOS |e 20110708 |h 338.9 ΣΚΟ |p 005100050175 |q 005100050175 |t BK |y 0 |z τ.1 | ||
| 852 | |a INST |b LESVOS |e 20110708 |h 338.9 ΣΚΟ |p 005100050176 |q 005100050176 |t BK |y 0 |z τ.1 | ||
| 852 | |a INST |b LESVOS |e 20110708 |h 338.9 ΣΚΟ |p 005100050179 |q 005100050179 |t BK |y 0 |z τ.1 | ||
| 852 | |a INST |b LESVOS |e 20110708 |h 338.9 ΣΚΟ |p 005100050182 |q 005100050182 |t BK |y 0 |z τ.2 | ||
| 852 | |a INST |b LESVOS |e 20110708 |h 338.9 ΣΚΟ |p 005100050183 |q 005100050183 |t BK |y 0 |z τ.2 | ||
| 852 | |a INST |b LESVOS |e 20100616 |h 338.9 ΣΚΟ |p 005100047828 |q 005100047828 |t BK |v τ.1: |y 0 |z τ.1 | ||
| 852 | |a INST |b LESVOS |e 20100616 |h 338.9 ΣΚΟ |p 005100047829 |q 005100047829 |t BK |v τ.1: |y 0 |z τ.1 | ||
| 852 | |a INST |b LESVOS |e 20100616 |h 338.9 ΣΚΟ |p 005100047830 |q 005100047830 |t BK |v τ.1: |y 0 |z τ.1 | ||
| 852 | |a INST |b LESVOS |e 20100616 |h 338.9 ΣΚΟ |p 005100047831 |q 005100047831 |t BK |v τ.2: |y 0 |z τ.2 | ||
| 852 | |a INST |b LESVOS |e 20100616 |h 338.9 ΣΚΟ |p 005100047832 |q 005100047832 |t BK |v τ.2: |y 0 |z τ.2 | ||
| 852 | |a INST |b LESVOS |e 20100616 |h 338.9 ΣΚΟ |p 005100047833 |q 005100047833 |t BK |v τ.2: |y 0 |z τ.2 | ||
| 852 | |a INST |b LESVOS |e 20110117 |h 338.9 ΣΚΟ |p 005100049448 |q 005100049448 |t BK |v τ.2: |y 0 |z τ.2 | ||
| 852 | |a INST |b LESVOS |e 20110117 |h 338.9 ΣΚΟ |p 005100049449 |q 005100049449 |t BK |v τ.1: |y 0 |z τ.1 | ||
| 852 | |a INST |b LESVOS |e 20110708 |h 338.9 ΣΚΟ |p 005100050172 |q 005100050172 |t BK |v τ.2: |y 0 |z τ.2 | ||
| 852 | |a INST |b LESVOS |e 20110708 |h 338.9 ΣΚΟ |p 005100050173 |q 005100050173 |t BK |v τ.2: |y 0 |z τ.2 | ||
| 852 | |a INST |b LESVOS |e 20110708 |h 338.9 ΣΚΟ |p 005100050174 |q 005100050174 |t BK |v τ.1: |y 0 |z τ.1 | ||
| 852 | |a INST |b LESVOS |e 20110708 |h 338.9 ΣΚΟ |p 005100050175 |q 005100050175 |t BK |v τ.1: |y 0 |z τ.1 | ||
| 852 | |a INST |b LESVOS |e 20110708 |h 338.9 ΣΚΟ |p 005100050176 |q 005100050176 |t BK |v τ.1: |y 0 |z τ.1 | ||
| 852 | |a INST |b LESVOS |e 20110708 |h 338.9 ΣΚΟ |p 005100050179 |q 005100050179 |t BK |v τ.1: |y 0 |z τ.1 | ||
| 852 | |a INST |b LESVOS |e 20110708 |h 338.9 ΣΚΟ |p 005100050182 |q 005100050182 |t BK |v τ.2: |y 0 |z τ.2 | ||
| 852 | |a INST |b LESVOS |e 20110708 |h 338.9 ΣΚΟ |p 005100050183 |q 005100050183 |t BK |v τ.2: |y 0 |z τ.2 | ||
| 853 | |a INST |b LESVOS |h 338.9 ΣΚΟ | ||
| 901 | |a BIBL1-2010-2 | ||
| 901 | |a BIBL1-2011-1 | ||
| 909 | |a Λ |b 164435 | ||
| 909 | |a Λ |b 164436 | ||
| 909 | |a Λ |b 164437 | ||
| 909 | |a Λ |b 164438 | ||
| 909 | |a Λ |b 164439 | ||
| 909 | |a Λ |b 164440 | ||
| 909 | |a Λ |b 165361 | ||
| 909 | |a Λ |b 165363 | ||
| 909 | |a Λ |b 169352 | ||
| 909 | |a Λ |b 169351 | ||
| 909 | |a Λ |b 169350 | ||
| 909 | |a Λ |b 169349 | ||
| 909 | |a Λ |b 169348 | ||
| 909 | |a Λ |b 169347 | ||
| 909 | |a Λ |b 169346 | ||
| 909 | |a Λ |b 169345 | ||
| 970 | |a ΓΙΑΛΑΜΑ |b ΜΑΡΙΑ |z 2010/06/16 | ||